Ambiente letra a letra (Registo nº 885)

Detalhes MARC
000 -Etiqueta do registo
Cabeçalho 00695nam a2200301 4500
005 - Identificador da versão
Campo de controlo 20240813121818.0
010 ## - Número internacional normalizado dos livros (ISBN)
Número (ISBN) 9789727727933
035 ## - Other System Control Numbers
System Control Number 0000953
System Control Number 0000946
System Control Number 0000932
100 ## - Dados gerais de processamento
Dados gerais de processamento 20080408d2008 m y0pory5003 ba
102 ## - Pais de publicação ou produção
País de publicação Portugal
101 0# - Língua de publicação
Língua do texto, banda sonora, etc. Português
106 ## - Campo de dados codificados: material textual
Dados codificados do material textual r
105 ## - Campo de dados codificados: livros
Dados codificados dos livros y z 000yy
215 ## - Descrição física 
Indicação específica da natureza do documento e extensão da espécie p.
200 1# - Titulo e menção de responsabilidade
Título próprio Ambiente letra a letra
Primeira menção de responsabilidade António Eloy
225 2# - Colecção 
Título próprio da colecção Extra-colecção
205 ## - Menção da edição
Menção da edição 1a ed
210 ## - Publicação, Distribuição, etc. 
Lugar da edição, distribuição, etc. Lisboa
Nome do editor, distribuidor, etc. Colibri
Data da publicação, distribuição, etc. 2008
675 ## - Classificação Decimal Universal (CDU)
Notação 502
Edição BN
Língua da edição por
700 ## - Nome de autor-pessoa física (responsabilidade principal)
Número de registo de entrada de autoridade 0001149
Palavra de ordem Eloy
Outra parte do nome não tomada para palavra de ordem António
Datas 1958-
966 ## - Identificação da Biblioteca
Sigla NUMETECA
942 ## - Elementos de entrada adicionados (Koha)
Tipo de item no Koha Livro
Exemplares
Situação do levantamento Origin of item (home branch) (coded) Biblioteca de empréstimo Código de barras Cota Circulation type (not for loan) Tipo de documento Nota do exemplar Damaged status
  Biblioteca Escolar Eng. Nuno Mergulhão Biblioteca Escolar Eng. Nuno Mergulhão BENM1602 502 ELO   Livro Sem mensagem